000 00387nam a2200109Ia 4500
008 220204s9999 xx 000 0 und d
082 _a633.88(038)(540)
_bGLO.1
100 _aAsolkar, L V
245 0 _aSecond supplement to glossary of Indian medicinal plants with active principles. Pt 1. (A-K)(1965-1981)
260 _aNew Delhi
_bPublication & Information Directorate
_c1992
942 _cBK
999 _c40710
_d40710